000 01294nam a2200325 a 4500
001 000115536
003 CHAP
005 20220329144538.0
008 190603s2018 mx a sm |||||||spa d
010 _a111997
011 _a112969
040 _cCHAP
090 _aTesis
100 1 _aJesús Barrera, Luminosa de.
_9135913
245 1 0 _aSustitución de heno de alfalfa por paja de cacahuate en la dieta de cabritos y corderos en crecimiento y su efecto sobre la eficiencia de utilización del alimento /
_h[En línea]
_cpor Luminosa De Jesús Barrera.
260 _aChapingo, Méx. :
_bEl autor,
_c2018.
500 _aPara ver el contenido del material haga clic en la liga
502 _aTesis (Ing. en Sistemas Pecuarios) -- UACH. Unidad Regional Universitaria de Zona Áridas
590 _aBATCH-UPD
_b05
_c20190604
_lUCH01
_h1117
590 _aE8697GMM
_b05
_c20190603
_lUCH01
_h1450
590 _aE8697GMM
_b05
_c20190603
_lUCH01
_h1451
590 _aE8697GMM
_b05
_c20190604
_lUCH01
_h1117
650 1 4 _aGanado cabrío
_xAlimentación.
_944990
650 1 4 _aGanado lanar
_xAlimentación.
_945153
650 1 4 _aPaja de cacahuate
_xValor nutritivo.
_9132907
856 _aFinding aid
_uhttp://10.13.5.2/tesis/sist115536.pdf
_zTeclea aquí
901 _aBK
942 _cTESIS
942 _n0
999 _c111997
_d111997